Verano infiel / (Registro nro. 2800)

Detalles MARC
000 -LEADER
fixed length control field 01373nam a2200205 a 4500
008 - CAMPO DE CONTROL (LIBRO)
fixed length control field 180528e2001 ag ||||g |||| 00| f spa d
020 ## - INTERNATIONAL STANDARD BOOK NUMBER
ISBN 9500422794
041 ## - CODIGO DE IDIOMA
Código de idioma del texto/pista de sonido o título separado spa
092 ## - SIGNATURA TOPOGRAFICA DEWEY LOCAL
número de clasificación 808
libristica 46
sección KNO
100 1# - ENTRADA PRINCIPAL--NOMBRE PERSONAL
Nombre personal Knox, Malcolm
9 (RLIN) 3957
245 ## - TITULO PROPIAMENTE DICHO
Título Verano infiel /
Mención de responsabilidad y remanente de la transcripción de la portada Malcolm Knox
250 ## - MENCION DE EDICION
Mención de edición 1a ed.
Mención de responsabilidad relacionada con la ed. Traducción Maria Martoccia
260 ## - PIE DE IMPRENTA
Lugar de publicación, distribución, etc Buenos Aires:
Nombre de la editorial, distribuidor, etc Emecé;
Fecha de publicación 2001.
300 ## - DESCRIPCION FISICA
Extension 287 p.
500 ## - NOTA GENERAL
Nota general Knox, M. (2001). Verano infiel. (1a ed.). Buenos Aires : Emecé.
505 ## - NOTA DE CONTENIDO
Nota de contenido formateada Hugh y Richard son íntimos amigos. Como cada año desde que pueden recordar, ellos y sus mujeres pasan las vacaciones en las doradas costas de Palm Beach. Son verdaderos privilegiados: jóvenes, hermosos y ricos, viven en un mundo de posibilidades ilimitadas. Hugh es el heredero de un poderoso imperio agropecuario, apuesto, audaz y obsesionado consigo mismo. Está casado con Helen, una auténtica belleza, que lo apoya y le consiente todo. Pup, escritora mordaz, es la esposa de Richard, el narrador de esta inquietante historia. Ahora, el paraíso de todos los veranos se ha perdido y sus vidas brillantes se oscurecieron con el engaño y la tragedia. Verano infiel es el formidable debut de Malcolm Knox, autor revelación de la nueva novela australiana.
590 ## - NOTAS LOCALES (RLIN)
Nota local Proyecto 4to libro. Donación Victoria Lara, mayo 2018
655 ## - MATERIA - GENERO/FORMA
Género/Forma Literatura
-- 2917
942 ## - ADDED ENTRY ELEMENTS (KOHA)
Source of classification or shelving scheme Dewey Decimal Classification
Item type LITERATURA
Existencias
Estado de retiro Existencia Fuente de clasificación Estado general No para prestamo Colección Ubicación permanente ubicación actual Sala de ubicación Fecha de adquisición Fuente de adquisición Total Checkouts Número de clasificación Código de barras Date last seen Número de ejemplar Price effective from Koha tipo de elemento (item) Public note
    Dewey Decimal Classification     Fiction Biblioteca Medicina Biblioteca Medicina Circulación 28/05/2018 Donacion   808 46 KNO 4310 28/05/2018 Ej. 1 28/05/2018 LITERATURA Proyecto 4to libro. Donación Victoria Lara, mayo 2018

UNIVERSIDAD NACIONAL DEL COMAHUE
Biblioteca de la Facultad de Ciencias Médicas
Sede Toschi: Los Arrayanes y Av. Toschi, Cipolletti  - Rio Negro
Sede Los Tordos:  Yrigoyen al 2211, Cipolletti - Rio Negro 

Teléfono: 0299 - 4774707 int 25
Contacto: biblioteca@facimed.uncoma.edu.ar
© 2011 - 2026